Palme d'Or Winners Quiz - Statistics

General Stats
  • This quiz has been taken 490 times
    106 since last reset
  • The average score is 23 of 102
Answer Stats
Year Director Winners % Correct
2019 Bong Joon-ho Parasite
86%
1994 Quentin Tarantino Pulp Fiction
73%
2024 Sean Baker Anora
67%
1979 Francis Ford Coppola Apocalypse Now
66%
1976 Martin Scorsese Taxi Driver
63%
2002 Roman Polanski The Pianist
63%
1993 Jane Campion The Piano
52%
2011 Terrence Malick The Tree of Life
52%
1984 Wim Wenders Paris, Texas
51%
2022 Ruben Östlund Triangle of Sadness
50%
2012 Michael Haneke Amour
47%
2023 Justine Triet Anatomy of a Fall
47%
2003 Gus Van Sant Elephant
45%
2021 Julia Ducournau Titane
42%
1990 David Lynch Wild at Heart
42%
2025 Jafar Panahi It Was Just an Accident
41%
1960 Federico Fellini La dolce vita
41%
1991 Joel Coen Barton Fink
40%
1974 Francis Ford Coppola The Conversation
40%
1980 Bob Fosse All That Jazz
39%
2000 Lars von Trier Dancer in the Dark
39%
2004 Michael Moore Fahrenheit 9/11
39%
1946 David Lean Brief Encounter
36%
1997 Abbas Kiarostami Taste of Cherry
36%
2017 Ruben Östlund The Square
36%
1989 Steven Soderbergh Sex, Lies, and Videotape
35%
2018 Hirokazu Kore-eda Shoplifters
34%
1970 Robert Altman M*A*S*H
33%
1964 Jacques Demy The Umbrellas of Cherbourg
33%
1949 Carol Reed The Third Man
32%
2013 Abdellatif Kechiche Blue Is the Warmest Colour
31%
2016 Ken Loach I, Daniel Blake
30%
2009 Michael Haneke The White Ribbon
30%
1967 Michelangelo Antonioni Blowup
28%
1980 Akira Kurosawa Kagemusha
28%
1996 Mike Leigh Secrets & Lies
26%
2010 Apichatpong Weerasethakul Uncle Boonmee Who Can Recall His Past Lives
26%
2006 Ken Loach The Wind That Shakes the Barley
25%
2007 Cristian Mungiu 4 Months, 3 Weeks and 2 Days
24%
1952 Orson Welles Othello
22%
1946 Billy Wilder The Lost Weekend
22%
1969 Lindsay Anderson If....
20%
1995 Emir Kusturica Underground
20%
2015 Jacques Audiard Dheepan
19%
1946 Roberto Rossellini Rome, Open City
19%
1993 Chen Kaige Farewell My Concubine
18%
1963 Luchino Visconti The Leopard
18%
2014 Nuri Bilge Ceylan Winter Sleep
18%
1998 Theo Angelopoulos Eternity and a Day
17%
1955 Delbert Mann Marty
17%
1982 Costa-Gavras Missing
17%
1979 Volker Schlöndorff The Tin Drum
17%
1966 Claude Lelouch A Man and a Woman
16%
1958 Mikhail Kalatozov The Cranes Are Flying
16%
1986 Roland Joffé The Mission
16%
1953 Henri-Georges Clouzot The Wages of Fear
16%
1981 Andrzej Wajda Man of Iron
15%
1999 Jean-Pierre & Luc Dardenne Rosetta
15%
2008 Laurent Cantet The Class
15%
1997 Shōhei Imamura The Eel
15%
1961 Luis Buñuel Viridiana
15%
1959 Marcel Camus Black Orpheus
14%
2001 Nanni Moretti The Son's Room
14%
1982 Yılmaz Güney & Şerif Gören Yol
14%
2005 Jean-Pierre & Luc Dardenne L'Enfant
13%
1988 Bille August Pelle the Conqueror
13%
1983 Shōhei Imamura The Ballad of Narayama
11%
1985 Emir Kusturica When Father Was Away on Business
11%
1954 Teinosuke Kinugasa Gate of Hell
10%
1973 Jerry Schatzberg Scarecrow
9%
1978 Ermanno Olmi The Tree of Wooden Clogs
9%
1987 Maurice Pialat Under the Sun of Satan
9%
1947 Vincente Minnelli Ziegfeld Follies
9%
1977 Paolo and Vittorio Taviani Padre Padrone
8%
1972 Francesco Rosi The Mattei Affair
8%
1972 Elio Petri The Working Class Goes to Heaven
8%
1971 Joseph Losey The Go-Between
7%
1965 Richard Lester The Knack ...and How to Get It
7%
1956 Jacques Cousteau & Louis Malle The Silent World
7%
1947 Edward Dmytryk Crossfire
6%
1957 William Wyler Friendly Persuasion
6%
1946 Chetan Anand Neecha Nagar
6%
1951 Vittorio De Sica Miracle in Milan
5%
1992 Bille August The Best Intentions
5%
1947 René Clément The Damned
5%
1939 Cecil B. DeMille Union Pacific
5%
1947 Jacques Becker Antoine and Antoinette
3%
1946 Emilio Fernández María Candelaria
3%
1946 František Čáp Men Without Wings
3%
1951 Alf Sjöberg Miss Julie
3%
1962 Anselmo Duarte O Pagador de Promessas
3%
1946 Jean Delannoy Pastoral Symphony
3%
1966 Pietro Germi The Birds, the Bees, and the Italians
3%
1973 Alan Bridges The Hireling
3%
1946 Fridrikh Ermler The Turning Point
3%
1946 Alf Sjöberg Torment
3%
1952 Renato Castellani Two Cents Worth of Hope
3%
1975 Mohammed Lakhdar-Hamina Chronicle of the Years of Fire
2%
1947 Ben Sharpsteen Dumbo
2%
1946 Leopold Lindtberg The Last Chance
2%
1961 Henri Colpi The Long Absence
2%
1946 Bodil Ipsen & Lau Lauritzen Jr. The Red Meadows
2%
No matching quizzes found
Score Distribution
Percent of People with Each Score
Percentile by Number Answered
Your Score History
You have not taken this quiz since the last reset